000 00744nam a22002537a 4500
003 UA-OsUOA
001 79885
007 ta
008 20111122b un ||||| |||| 00| 0 ukr d
100 _aВолкогонов Д. А.
090 _a82-94
_bВ67
942 _cBK
040 _aUA-OsUOA
_bukr
_cUA-OsUOA
_dUA-OsUOA
245 _aТріумф і трагедія. Політичний портрет Й. В. Сталіна
_bУ двох книгах
300 _a597 с.
955 _a2
041 _aukr
080 _a82-94
020 _a5-319-00405-2
260 _aК.
_bПолітвидав України
_c1989
246 3 1 _a1
_n
650 7 _a82 Література. Літературознавство
_2UDC
999 _c366079
_d366079